LDR 00638naa#a2200169#i#450# 001 EN\\bibl\120739 005 20260419061418.7 011 ## _a2687-0185 100 ## _a20260416b2026####ek#y0engy0150####ca 102 ## _aRU 200 1# _aSocial danger of official criminality in penitentiary institutions: a criminological aspect _eJournal article 210 1# _aMoscow _cMoscow University of the Ministry of Internal Affairs of Russia named after V.Ya. Kikot _d2026 215 ## _a4 с. 608 ## _aJournal article _2local 675 ## _aПраво. Юридические науки. 34 _z 700 #1 _aLuk'yanov _gAleksandr Veniaminovich 856 4# _amosumvd.editorum.ru _u